000 00705nam a2200229Ia 4500
008 160418s9999 xx 000 0 und d
020 _a971-08-6991-4
050 _aFIL PL 6061
050 _b.M47 2009
100 _aMercene, Felisa Principe
245 _aSining ng pakikipagtalastasan pangkolehiyo /
245 _cFelisa Principe Mercene, Zenaida Sunga De Leon, William Gonzales Cabaysa.
250 _aBinagong Edisyon
260 _aMandaluyong:
260 _bNational Book Store.
260 _c2009
300 _a320 pages :
300 _c22 cm.
500 _aIncludes bibliographical references.
650 _aFilipino language -- Rhetoric.
650 _xFilipino language -- Textbooks.
999 _c293513
_d293513